Speaking out : Urban planning and transportion

Đã lưu trong:
Bibliografiske detaljer
Format: Bog
Sprog:Undetermined
Udgivet: Tokyo Toyota Motor Corporation
Fag:
Tags: Tilføj Tag
Ingen Tags, Vær først til at tagge denne postø!
Thư viện lưu trữ: Trung tâm Học liệu Trường Đại học Cần Thơ
LEADER 00435nam a2200157Ia 4500
001 CTU_97459
008 210402s9999 xx 000 0 und d
082 |a 388.4 
082 |b S741 
245 0 |a Speaking out : 
245 0 |b Urban planning and transportion 
260 |a Tokyo 
260 |b Toyota Motor Corporation 
650 |a Urban transportation policy 
904 |i Giang 
980 |a Trung tâm Học liệu Trường Đại học Cần Thơ